| 000 | 00448nam a2200181Ia 4500 | ||
|---|---|---|---|
| 008 | 090124s9999 xx 000 0 und d | ||
| 082 | _b38053 | ||
| 100 | _aSWAMI PRABHUPADA | ||
| 245 | _aCHANT AND BE HAPPY | ||
| 250 | _a1 | ||
| 260 |
_b"GOPAL SAKHARAM AND COMP.," _c1987 |
||
| 300 | _a118 | ||
| 600 | _aSWAMI PRABHUPADA | ||
| 630 | _aCHANT AND BE HAPPY | ||
| 700 | _aSWAMI PRABHUPADA | ||
| 730 | _aCHANT AND BE HAPPY | ||
| 942 | _cBOOK | ||
| 999 |
_c104052 _d104052 |
||